[Event "HUN-chT 9394"]
[Site "?"]
[Date "1994.??.??"]
[Round "?"]
[White "Kallai, Gabor"]
[Black "Portisch, Gabor"]
[Result "0-1"]
[WhiteElo "2490"]
[BlackElo "2290"]

1.d4 d5 2.c4 e6 3.Nf3 Nf6 4.Nc3 c6 5.e3 Nbd7 6.Qc2 Bd6 7.Be2 O-O 8.O-O dxc4
9.Bxc4 Qe7 10.a3 e5 11.h3 Bc7 12.Bd2 e4 13.Ng5 Nb6 14.Ba2 Qd6 15.f4 exf3
16.Rxf3 Qh2+ 17.Kf1 Qh1+ 18.Kf2 Ng4+ 19.hxg4 Qh4+ 20.Kg1 Qxg5 21.Raf1 Be6
22.Bxe6 fxe6 23.Qe4 Qh6 24.Rh3 Rxf1+ 25.Kxf1 Qf6+ 26.Ke2 g6 27.Qf3 Qg7 28.Qe4 Re8
29.Be1 Nd5 30.Nxd5 cxd5 31.Qd3 Qd7 32.Rf3 e5 33.dxe5 Bxe5 34.Bc3 Bxc3 35.Qxc3 Re4
36.g5 Rg4 37.Kf2 Rxg5 38.Rf4 Rf5 39.Qd4 b6 40.g4 Rxf4+ 41.exf4 Qxg4 42.Qxd5+ Kg7
43.Qd6 Qf5 44.Qe7+ Qf7 45.Qe5+ Qf6 46.Qc7+ Kh6 47.Kf3 Qg7 48.Qc8 Qe7 49.a4 Kg7
50.b3 h5 51.Qb8 Kf7 52.Qc8 Qc5 53.Qd7+ Kf6 54.Qd8+ Kg7 55.Qd7+ Kh6 56.Qxa7 Qc3+
57.Ke4 Qb4+ 58.Kf3 Qxb3+ 59.Kg2 h4 60.Qb8 Qb2+ 61.Kf3 Kh5 62.Qd8 Qb3+ 63.Ke2 Qc2+
64.Kf3 Qc6+ 65.Kf2 Kg4 66.Qg5+ Kh3  0-1

[Event "HUN-chT2 9394"]
[Site "?"]
[Date "1994.??.??"]
[Round "?"]
[White "Ormos, Gaszton"]
[Black "Vereczkei, J."]
[Result "1/2-1/2"]
[WhiteElo "2205"]
[BlackElo "2390"]

1.Nf3 Nf6 2.c4 e6 3.Nc3 d5 4.d4 c6 5.e3 Bd6 6.Bd3 O-O 7.O-O Nbd7 8.Re1 dxc4
9.Bxc4 e5 10.Bd3 Qe7 11.Qc2 h6 12.g3 Re8 13.Nh4 Nb6 14.dxe5 Bxe5 15.e4 Bg4
16.Ne2 Rad8 17.Be3 Qb4 18.f3 Bc8 19.Rab1 Bxb2 20.Red1 Na4 21.Kh1 Qa3 22.Bxa7 Be6
23.Bc4 Rxd1+ 24.Rxd1 Bxc4 25.Qxc4 Be5 26.Qb3 Qxb3 27.axb3 Nc3 28.Nxc3 Bxc3
29.Rc1 Ba5 30.Bd4 Rd8 31.Nf5 Kh7 32.g4 Ne8 33.Be5 Rd3 34.Ra1 b6 35.Rb1 c5
36.Kg2 g6 37.Ne7  1/2-1/2

[Event "HUN-chT2 9394"]
[Site "?"]
[Date "1994.??.??"]
[Round "?"]
[White "Sinkovics, Peter"]
[Black "Majdanics, Antal"]
[Result "1-0"]
[WhiteElo "2395"]
[BlackElo "2220"]

1.d4 Nf6 2.Nf3 e6 3.c4 d5 4.Nc3 c6 5.e3 Nbd7 6.Bd3 dxc4 7.Bxc4 b5 8.Bd3 Bb7
9.O-O b4 10.Ne4 Be7 11.Nxf6+ Bxf6 12.Bd2 a5 13.a3 c5 14.axb4 cxb4 15.e4 O-O
16.Qe2 Nb8 17.Be3 Ba6 18.Rfc1 Bxd3 19.Qxd3 Nd7 20.Qb5 Nb8 21.Qb7 Ra6 22.Rc7 Qe8
23.Rac1 Bd8 24.Qxb8 Bxc7 25.Qxc7 Qa8 26.Ne5 a4 27.Nc6 a3 28.bxa3 bxa3 29.d5 a2
30.Ra1 exd5 31.exd5 Kh8 32.h3 f6 33.Kh2 h6 34.Bc5 Re8 35.Qf7 Rc8 36.g3 Ra4
37.Be3 Re8 38.Ne7 Qd8 39.d6 Ra3 40.Bxh6 Rg8 41.Nxg8 Qxg8 42.Qxg8+ Kxg8 43.d7  1-0

[Event "HUN-chT2 9394"]
[Site "?"]
[Date "1994.??.??"]
[Round "?"]
[White "Kovacs, Elod"]
[Black "Marosi, Csaba"]
[Result "1-0"]
[WhiteElo "2240"]
[BlackElo "2255"]

1.d4 d5 2.c4 c6 3.Nc3 Nf6 4.e3 e6 5.Nf3 Nbd7 6.Be2 dxc4 7.a4 Bb4 8.Bxc4 Ne4
9.Qc2 Nxc3 10.bxc3 Bd6 11.e4 e5 12.h3 O-O 13.Bg5 Be7 14.Bd2 Bf6 15.Ba2 Re8
16.O-O Qe7 17.Rfe1 Nf8 18.Rab1 Ng6 19.a5 Qc7 20.Ra1 h6 21.Be3 Qe7 22.d5 Nh4
23.Nxh4 Bxh4 24.a6 Bg5 25.axb7 Bxb7 26.Bxg5 hxg5 27.c4 Rac8 28.Qd2 Red8 29.Red1 c5
30.Bb3 a6 31.Ba4 Rd6 32.Rab1 Rc7 33.Rb3 Bc8 34.Rdb1 g4 35.hxg4 Bxg4 36.Rb8+ Bc8
37.R1b6 Rxb6 38.Rxb6 Qd8 39.Qb2 f5 40.d6 Rf7 41.Rb8 Kh7 42.Qe2 g6 43.exf5 gxf5
44.Qxe5 Qg5 45.f4 Qg8 46.d7 Rg7 47.Qxf5+ Kh8 48.Qh5+  1-0

[Event "JUG-chT"]
[Site "Igalo"]
[Date "1994.??.??"]
[Round "?"]
[White "Drasko, Milan"]
[Black "Vujacic, Borivoje"]
[Result "1-0"]
[WhiteElo "2520"]
[BlackElo "2340"]

1.d4 d5 2.c4 e6 3.Nc3 c6 4.e3 Nf6 5.Nf3 Nbd7 6.Qc2 Bd6 7.b3 O-O 8.Be2 b6
9.O-O Bb7 10.e4 dxe4 11.Nxe4 Nxe4 12.Qxe4 Nf6 13.Qh4 c5 14.dxc5 Bxc5 15.Bb2 Ne4
16.Qg4 g6 17.Rad1 Qe7 18.Nd2 h5 19.Nxe4 hxg4 20.Nf6+ Qxf6 21.Bxf6 Rfe8 22.Bxg4 a5
23.Rd3 Bf8 24.a4 Be4 25.Re3 Bc6 26.Rd1 Bh6 27.f4 Bf8 28.Rd6 Rac8 29.Rh3 Bg7
30.Bxg7 Kxg7 31.Bf3 Bxf3 32.Rxf3 Rb8 33.Kf2 Rb7 34.Rfd3 Kf6 35.Rd7 Re7 36.Rd8 g5
37.Kf3 Rec7 38.g4 Rc5 39.R3d7 Rcc7 40.Rxc7 Rxc7 41.Ke4 Rb7 42.fxg5+ Kxg5
43.Rg8+ Kh6 44.h4 Kh7 45.Rd8 Kg7 46.Ke5 Rc7 47.Rd6 Rb7 48.h5 Rb8 49.g5 Rc8
50.Rxb6 Rc5+ 51.Kf4 Rf5+ 52.Kg4 Re5 53.Rb7 Kg8 54.g6 f6 55.Rb5 Re1 56.Rxa5 Rg1+
57.Kf3 Kg7 58.Ra7+ Kh6 59.Rh7+ Kg5 60.g7 Kf5 61.h6  1-0

[Event "JUG-chT"]
[Site "Igalo"]
[Date "1994.??.??"]
[Round "?"]
[White "Georgiev, Kiril"]
[Black "Ivanovic, Bozidar"]
[Result "1-0"]
[WhiteElo "2615"]
[BlackElo "2515"]

1.d4 d5 2.c4 c6 3.Nf3 e6 4.Nc3 Nf6 5.e3 Nbd7 6.Qc2 Bd6 7.Bd2 dxc4 8.Bxc4 e5
9.O-O O-O 10.Bb3 exd4 11.exd4 Qc7 12.Rfe1 Bf4 13.Bxf4 Qxf4 14.Re7 Nb6 15.Rae1 Bf5
16.Qe2 Rab8 17.Qe5 Qxe5 18.dxe5 Nfd5 19.Bxd5 cxd5 20.Nd4 Bd7 21.Nxd5 Nxd5
22.Rxd7 Rfd8 23.Rxd8+ Rxd8 24.Kf1 h6 25.e6 fxe6 26.Nxe6 Rc8 27.Rd1 Nf6 28.Rd8+ Rxd8
29.Nxd8 b6 30.Ke2 Kf8 31.f3 Nd5 32.g3 a5 33.a3 Ke7 34.Nc6+ Kd6 35.Nd4 g6
36.Kd3 Nc7 37.f4 b5 38.Ke4 b4 39.axb4 axb4 40.f5 gxf5+ 41.Nxf5+ Kc5 42.Kd3 h5
43.Ng7 h4 44.gxh4 Kd5 45.h5 Ke5 46.h6 Kf6 47.Kc4 Kg6 48.Nf5 Ne8 49.Kxb4 Nf6
50.Ne3 Kxh6 51.Kc5 Kg5 52.b4  1-0

[Event "JUG-chT"]
[Site "Igalo"]
[Date "1994.??.??"]
[Round "?"]
[White "Drasko, Milan"]
[Black "Tosic, Miroslav"]
[Result "1/2-1/2"]
[WhiteElo "2520"]
[BlackElo "2450"]

1.d4 d5 2.c4 c6 3.Nf3 Nf6 4.Nc3 e6 5.e3 Nbd7 6.Qc2 Bd6 7.b3 O-O 8.Be2 b6
9.O-O Bb7 10.Bb2 Rc8 11.e4 dxe4 12.Nxe4 Nxe4 13.Qxe4 Nf6 14.Qh4 Qe7 15.Rad1 Rfd8
16.Bd3 h6 17.Rfe1 Qf8 18.c5 Be7 19.b4 Nd5 20.Qe4 g6 21.a3 Qg7 22.Ne5 Bf6
23.cxb6 axb6 24.g3 h5 25.Qe2 Ba8 26.h4 Ne7 27.Be4 Bxe5 28.dxe5 c5  1/2-1/2

[Event "Iraklio Schev"]
[Site "Iraklio"]
[Date "1994.??.??"]
[Round "6"]
[White "Grivas, Efstratios"]
[Black "Lirindzakis, Timotheos"]
[Result "1-0"]
[WhiteElo "2475"]
[BlackElo "2400"]

1.d4 d5 2.c4 c6 3.Nf3 Nf6 4.Nc3 e6 5.e3 Nbd7 6.Bd3 dxc4 7.Bxc4 b5 8.Bd3 a6
9.a4 b4 10.Ne4 Bb7 11.Ned2 c5 12.O-O cxd4 13.exd4 Be7 14.Nc4 O-O 15.a5 Nd5
16.Re1 Rc8 17.Nfe5 N7f6 18.Bg5 Rc7 19.Qe2 b3 20.Qd1 Nb4 21.Qxb3 Qxd4 22.Bf1 Nbd5
23.Rad1 Qc5 24.Qh3 Ne4 25.Rxe4 Bxg5 26.Qg3 Bd8 27.Nd3 Qe7 28.Rd4 Qf6 29.Nf4 Rc5
30.Nd6 Nxf4 31.Nxb7 Bc7 32.Nxc5 Ne2+ 33.Bxe2 Bxg3 34.hxg3 Qf5 35.b4 e5 36.Rd8 g6
37.Bxa6 Rxd8 38.Rxd8+ Kg7 39.Bf1 Qc2 40.a6 Qa2 41.Rd7  1-0

[Event "Isle of Man op"]
[Site "Isle of Man"]
[Date "1994.??.??"]
[Round "6"]
[White "Stohl, Igor"]
[Black "Lalic, Bogdan"]
[Result "1/2-1/2"]
[WhiteElo "2560"]
[BlackElo "2530"]

1.Nf3 d5 2.d4 Nf6 3.c4 c6 4.Nc3 e6 5.e3 Nbd7 6.Qc2 Bd6 7.Be2 O-O 8.O-O Qe7
9.b3 Re8 10.Rd1 h6 11.h3 b6 12.e4 dxe4 13.Nxe4 Nxe4 14.Qxe4 Nf6 15.Qe3 Bb7
16.Bb2 c5 17.Ne5 Rad8 18.Bf3 Qc7 19.dxc5 Bxc5 20.Qe2 Bf8 21.Ng4 Nxg4 22.hxg4 Rxd1+
23.Rxd1 Bxf3 24.Qxf3 Rd8 25.g3 Rxd1+ 26.Qxd1 f6 27.Qf3 Kf7 28.Kf1 a5 29.Qe4 Bc5
30.Ke2 Qd7 31.Bc3 e5 32.f3 Ke7 33.Qh7 Kf7 34.Qe4 Ke7 35.Qh7 Kf7 36.Qe4  1/2-1/2

[Event "ISR-ch (Women)"]
[Site "?"]
[Date "1994.??.??"]
[Round "?"]
[White "Chervonenko, Irina"]
[Black "Pitam, Ela"]
[Result "1/2-1/2"]
[WhiteElo "2135"]
[BlackElo "2135"]

1.c4 e6 2.Nc3 d5 3.e3 Nf6 4.Nf3 c6 5.d4 Nbd7 6.Qc2 Be7 7.b3 O-O 8.Bd3 Qa5
9.O-O dxc4 10.bxc4 e5 11.Bb2 exd4 12.exd4 Qh5 13.Rfe1 Bd6 14.Ne4 Nxe4 15.Rxe4 f5
16.Rh4 Qg6 17.Rh3 Nf6 18.Nh4 Qg5 19.Bxf5 Bxf5 20.Nxf5 Rfd8 21.Nxd6 Rxd6 22.Re1 Rad8
23.Rg3 Qh6 24.Rh3 Qg5 25.Rg3 Qh6 26.Qf5 Qd2 27.Bc3 Qh6 28.Rh3 Qg6 29.Qxg6 hxg6
30.Re7 R6d7 31.Rxd7 Rxd7 32.Kf1 Ne4 33.d5 cxd5 34.cxd5  1/2-1/2

[Event "JUG-chT2"]
[Site "?"]
[Date "1994.??.??"]
[Round "2"]
[White "Lakic, Nikola"]
[Black "Rosic, Slavko"]
[Result "1-0"]
[WhiteElo "2310"]
[BlackElo "2295"]

1.d4 d5 2.Nf3 c6 3.c4 Nf6 4.Nc3 e6 5.e3 Nbd7 6.Bd3 dxc4 7.Bxc4 b5 8.Bd3 a6
9.e4 c5 10.d5 c4 11.dxe6 fxe6 12.Bc2 Bb7 13.Ng5 Nc5 14.Qf3 Bd6 15.Qh3 Qe7
16.f4 e5 17.O-O h6 18.fxe5 Bxe5 19.Nd5 Bxd5 20.exd5 O-O 21.Ne6 Nxe6 22.dxe6 Bd4+
23.Be3 Bxe3+ 24.Qxe3 Rad8 25.h3 Rd6 26.Rae1 Re8 27.Bf5 Rd5 28.Bg6 Red8 29.h4 h5
30.Qg3 Rf8 31.Kh1 Rd4 32.Qg5 Rg4 33.Qf5 Rxh4+ 34.Kg1 Rd4 35.Bf7+ Kh8 36.Re5 Nh7
37.Qxh7+  1-0

[Event "JUG-chT2"]
[Site "?"]
[Date "1994.??.??"]
[Round "5"]
[White "Milanovic, Vojislav"]
[Black "Karaklajic, Nikola"]
[Result "1-0"]
[WhiteElo "2395"]
[BlackElo "2380"]

1.Nf3 d5 2.c4 c6 3.e3 Nf6 4.Nc3 e6 5.d4 Nbd7 6.Bd3 a6 7.b3 Bd6 8.O-O O-O
9.Bb2 e5 10.dxe5 Nxe5 11.Nxe5 Bxe5 12.f4 Bc7 13.Qf3 Re8 14.Kh1 dxc4 15.Bxc4 b5
16.Rad1 Qe7 17.Qxc6 Bg4 18.Nd5 Nxd5 19.Rxd5 Rac8 20.Qxa6 bxc4 21.Rg5 g6 22.Rxg4 Qe6
23.Qxe6 Rxe6 24.f5 Rc6 25.Rxc4 Rxc4 26.bxc4 Bb6 27.f6 Bxe3 28.Re1 Bc5 29.g3 h6
30.Kg2 g5 31.Kf3 Kh7 32.a4 Rb8 33.Be5 Rb4 34.Rc1 Rxa4 35.Rc2 Kg6 36.Ke4 Ra5
37.g4 h5 38.gxh5+ Kxh5 39.Rc1 Ba3 40.Rb1 Kg6 41.Rb8 Kh7 42.Rb5 Ra4 43.Kd5 Bc1
44.c5 Bf4 45.c6 Ra7 46.c7 Rxc7 47.Bxc7 Bxc7 48.Rb7 Bxh2 49.Rxf7+ Kg6 50.Ke6 Bg1
51.Rg7+ Kh6 52.Kf5 Bd4 53.Rxg5 Kh7 54.f7  1-0

[Event "JUG-chT2"]
[Site "?"]
[Date "1994.??.??"]
[Round "10"]
[White "Krstic, Ranko"]
[Black "Jovcic, Milan"]
[Result "1/2-1/2"]
[WhiteElo "2260"]
[BlackElo "2265"]

1.d4 d5 2.c4 e6 3.Nc3 c6 4.e3 Nf6 5.Nf3 Nbd7 6.Qc2 Bd6 7.Be2 O-O 8.O-O Qe7
9.Rd1 dxc4 10.Bxc4 e5 11.e4 h6 12.a4  1/2-1/2

[Event "JUG-chT2"]
[Site "?"]
[Date "1994.??.??"]
[Round "10"]
[White "Tesic, Dragan"]
[Black "Rosic, Slavko"]
[Result "1/2-1/2"]
[WhiteElo "2305"]
[BlackElo "2295"]

1.d4 d5 2.Nf3 c6 3.c4 Nf6 4.Nc3 e6 5.e3 Nbd7 6.Bd3 dxc4 7.Bxc4 b5 8.Bd3 a6
9.e4 c5 10.e5 cxd4 11.Nxb5 Ng4 12.Qa4 Qb6 13.Nbxd4 Qb4+ 14.Qxb4 Bxb4+ 15.Bd2 Bxd2+
16.Nxd2 Nc5 17.Be2 Nxe5 18.O-O Bb7 19.Nc4 Nxc4 20.Bxc4 Na4 21.b4 Nb6 22.Be2 Ke7
23.Nb3 Bd5 24.Rfc1 Bxb3 25.axb3 Nd5 26.Bxa6 Nxb4 27.Bb5 Rxa1 28.Rxa1 Rb8
29.Ra7+ Kf6 30.Bc4 Nc6 31.Ra6 Ne5 32.h3 g5 33.Ra1 h5 34.Ra7 Nxc4 35.bxc4 Rc8
36.Ra4 Kg6 37.Kf1  1/2-1/2

[Event "Heart of Finland op 4th"]
[Site "Jyvaskyla"]
[Date "1994.??.??"]
[Round "?"]
[White "Manninen, Marko"]
[Black "Nei, Iivo"]
[Result "1/2-1/2"]
[WhiteElo "2385"]
[BlackElo "2410"]

1.d4 d5 2.c4 e6 3.Nc3 c6 4.e3 Nf6 5.Nf3 Nbd7 6.Qc2 dxc4 7.Bxc4 b5 8.Bd3 Bb7
9.O-O b4 10.Ne4 Qb6 11.Nxf6+ Nxf6 12.Ne5 Be7 13.Bd2 O-O 14.Rac1 Rfc8 15.Nc4  1/2-1/2

[Event "Heart of Finland op 4th"]
[Site "Jyvaskyla"]
[Date "1994.??.??"]
[Round "?"]
[White "Shneider, Aleksandr"]
[Black "Pulkkinen, Kari"]
[Result "1-0"]
[WhiteElo "2535"]
[BlackElo "2355"]

1.d4 d5 2.Nf3 Nf6 3.c4 e6 4.Nc3 c6 5.e3 Nbd7 6.Bd3 dxc4 7.Bxc4 b5 8.Bd3 Bb7
9.e4 b4 10.Na4 c5 11.e5 Nd5 12.Nxc5 Nxc5 13.dxc5 Bxc5 14.O-O h6 15.Nd2 Qc7
16.Nc4 O-O 17.Bd2 Rfd8 18.Qg4 Kf8 19.Rac1 Nc3 20.bxc3 Rxd3 21.cxb4 Rd4 22.Qg3 Ba6
23.Nd6 Bxf1 24.Rxc5 Qd7 25.Qf3 Rb8 26.Be3 Rdxb4 27.Kxf1 Rb1+ 28.Bc1 Kg8 29.g3 f6
30.Kg2 fxe5 31.Ne4 Rf8 32.Qg4 Kh7 33.Be3 Rf5 34.Ra5 a6 35.Qe2 Qb7 36.Ra4 a5
37.Qc4 Qd5 38.Qxd5 exd5 39.Nc3 Rb2 40.Nxd5 e4 41.Nc3 Rb4 42.Ra3 h5 43.h3 Rc4
44.g4 hxg4 45.hxg4 Rf8 46.Nd5  1-0

[Event "Heart of Finland op 4th"]
[Site "Jyvaskyla"]
[Date "1994.??.??"]
[Round "?"]
[White "Bagirov, Vladimir"]
[Black "Knaak, Rainer"]
[Result "0-1"]
[WhiteElo "2510"]
[BlackElo "2520"]

1.Nf3 e6 2.c4 d5 3.d4 c6 4.Nc3 Nf6 5.e3 Nbd7 6.Qc2 Bd6 7.Bd2 O-O 8.Bd3 dxc4
9.Bxc4 b5 10.Be2 Bb7 11.O-O Qb8 12.a4 Rc8 13.Rfc1 a6 14.h3 Be7 15.Ng5 b4
16.Nce4 c5 17.dxc5 h6 18.Nxf6+ Nxf6 19.Nf3 Bxc5 20.Qd1 Ne4 21.Be1 Qa7 22.Qb3 a5
23.Nd2 Be7 24.Nxe4 Bxe4 25.Bf3 Bxf3 26.gxf3 Bf6 27.Kg2 Rc5 28.Rxc5 Qxc5 29.Rd1 Rc8
30.Rd2 Qg5+ 31.Kf1 Qf5 32.Ke2 Rc1 33.e4 Qxh3 34.Rc2 Rxc2+ 35.Qxc2 Qh5 36.b3 Qe5
37.Bd2 Bg5 38.Bxg5 hxg5 39.Qd3 Kh7 40.Kf1 Kg6 41.Kg2 Kh6 42.Qd8 Kh5 43.Qd1 Kg6
44.Qd3 Qf4 45.Qe2 Kf6 46.Qb2+ Qe5 47.Qe2 g6 48.Qd3 Ke7 49.Qe3 Ke8 50.Qa7 Kf8
51.Qe3 Kg7 52.Qd3 Qf4 53.Qd4+ Kh7 54.Qd8 Qe5 55.Qf8 f5 56.Qe7+ Kh6 57.exf5 gxf5
58.Qf8+ Qg7 59.Qd6 Qf6 60.Qc7 g4 61.fxg4 fxg4 62.Qxa5 Qf3+ 63.Kg1 g3 64.Qc5 Qxb3
65.Qf8+ Kg6 66.a5 Qd1+ 67.Kg2 Qd5+ 68.Kxg3 Qg5+ 69.Kf3 Qxa5 70.Qg8+ Kf6 71.Qf8+ Ke5
72.Qf4+ Kd5 73.Qg5+ e5 74.Qd2+ Kc5 75.Ke4 Qc7  0-1

[Event "Karditsa"]
[Site "Karditsa"]
[Date "1994.??.??"]
[Round "4"]
[White "Mozetic, Dejan"]
[Black "Skembris, Spyridon"]
[Result "0-1"]
[WhiteElo "2585"]
[BlackElo "2525"]

1.d4 d5 2.c4 c6 3.Nc3 Nf6 4.e3 e6 5.Nf3 Nbd7 6.Qc2 Bd6 7.g4 dxc4 8.Bxc4 b5
9.Be2 Bb7 10.e4 e5 11.g5 Ng8 12.Be3 b4 13.Na4 Ne7 14.O-O-O Qc7 15.dxe5 Nxe5
16.Nxe5 Bxe5 17.Nc5 Bc8 18.Nd3 Bd6 19.Bd4 Qa5 20.Bxg7 Qxg5+ 21.Kb1 Qxg7 22.Rhg1 Qd4
23.e5 Bxe5 24.Bf3 Bf5 25.Rg5 Kf8 26.Rxf5 Nxf5 27.Nc5 Qxb2+ 28.Qxb2 Bxb2 29.Kxb2 Re8
30.Be4 Nh4 31.Kb3 a5 32.Ka4 Kg7 33.Rd7 Re5  0-1

[Event "Karditsa"]
[Site "Karditsa"]
[Date "1994.??.??"]
[Round "7"]
[White "Grivas, Efstratios"]
[Black "Atalik, Suat"]
[Result "0-1"]
[WhiteElo "2505"]
[BlackElo "2530"]

1.d4 d5 2.c4 c6 3.Nf3 Nf6 4.Nc3 e6 5.e3 Nbd7 6.Qc2 Bd6 7.Be2 O-O 8.O-O dxc4
9.Bxc4 Qe7 10.a3 e5 11.h3 Bb8 12.Ba2 h6 13.Bd2 Re8 14.Nh4 Nf8 15.dxe5 Qxe5
16.f4 Qc5 17.Rae1 a5 18.Bb1 Ba7 19.Nf3 b5 20.Ne5 Bb7 21.b4 axb4 22.axb4 Qe7
23.Ba2 Ne6 24.Nxf7 Qxf7 25.f5 Bc8 26.Rf3 Kh8 27.Ref1 Nd4 28.exd4 Bxd4+ 29.Kh1 Qh5
30.Bb3 Bd7 31.Qd3 Be5 32.Ne2 c5 33.bxc5 Bc6 34.Nf4 Bxf4 35.Rxf4 Rad8 36.Qg3 Rxd2
37.Rh4 Rxg2  0-1

[Event "Kecskemet"]
[Site "Kecskemet"]
[Date "1994.??.??"]
[Round "?"]
[White "Videki, Sandor"]
[Black "Bjerring, Kai"]
[Result "1/2-1/2"]
[WhiteElo "2435"]
[BlackElo "2395"]

1.d4 d5 2.c4 c6 3.Nc3 Nf6 4.Nf3 e6 5.e3 Nbd7 6.Qc2 Bd6 7.Be2 O-O 8.O-O Qe7
9.b3 Re8 10.Bb2 c5  1/2-1/2

[Event "Keszthely op"]
[Site "Keszthely"]
[Date "1994.??.??"]
[Round "?"]
[White "Csala, Imre"]
[Black "Volkmann, Friedrich"]
[Result "1/2-1/2"]
[WhiteElo "2255"]
[BlackElo "2315"]

1.d4 d5 2.Nf3 Nf6 3.c4 e6 4.Nc3 c6 5.e3 Nbd7 6.Bd3 dxc4 7.Bxc4 b5 8.Bd3 Bb7
9.O-O a6 10.e4 c5 11.e5 cxd4 12.Nxb5 Bxf3 13.Qxf3 Nd5 14.Nxd4 Nxe5 15.Qe4 Nxd3  1/2-1/2

[Event "JUG-ch sf"]
[Site "Kladovo"]
[Date "1994.??.??"]
[Round "?"]
[White "Carnic, Srdjan"]
[Black "Karaklajic, Nikola"]
[Result "1/2-1/2"]
[WhiteElo "2275"]
[BlackElo "2380"]

1.d4 d5 2.c4 e6 3.Nc3 c6 4.Nf3 Nf6 5.e3 Nbd7 6.Qc2 Bd6 7.Be2 O-O 8.O-O Qe7
9.b3 Re8 10.Bb2 Ba3 11.Bxa3 Qxa3 12.Rfd1 Qe7 13.Rac1 Nf8 14.Ne5 Rd8 15.Bf3 Bd7
16.Qe2 Be8 17.g3 N6d7 18.Nxd7 Nxd7 19.e4 dxe4 20.Bxe4 Nf6 21.Bg2 Rd7 22.d5 exd5
23.Qxe7 Rxe7 24.cxd5 cxd5 25.Nxd5 Nxd5 26.Bxd5 Kf8 27.Bf3 Rb8 28.Rc3 Bd7
29.Kg2 Be6 30.Rd4 g6 31.Ra4 b6 32.Rd4 h5 33.h4 Rbe8 34.a4 Bf5 35.b4 Re1 36.Rd1 Rxd1
37.Bxd1 Re4 38.b5 Rd4 39.Bb3 Rb4 40.Kf3 Kg7 41.Ke3 Kf6 42.f3 Be6 43.Bc2 Bc4
44.Kd2 Ke7 45.Re3+ Be6 46.Kc3 Rc4+ 47.Kd3 Rc5 48.Bb3 Kd6 49.Bxe6 fxe6 50.Re4 Rc1
51.Rc4 Rg1 52.g4 Rh1 53.gxh5 gxh5 54.Ke3 Kd5 55.Rc7 Rxh4 56.Rxa7 Rb4 57.Rd7+ Ke5
58.Rb7 h4 59.Rxb6 h3 60.Rc6 Rxa4 61.Rc5+ Kd6  1/2-1/2

[Event "JUG-ch sf"]
[Site "Kladovo"]
[Date "1994.??.??"]
[Round "?"]
[White "Stojanovic, Mihajlo"]
[Black "Savanovic, Aleksandar"]
[Result "1-0"]
[WhiteElo "2300"]
[BlackElo "2335"]

1.d4 d5 2.c4 c6 3.Nf3 Nf6 4.Nc3 e6 5.e3 Nbd7 6.Bd3 dxc4 7.Bxc4 b5 8.Bd3 Bb7
9.e4 b4 10.Na4 c5 11.e5 Nd5 12.O-O cxd4 13.Bg5 Be7 14.Bxe7 Kxe7 15.Re1 Qa5
16.Nxd4 Rac8 17.Bb5 Nc5 18.Nxc5 Rxc5 19.a4 Rcc8 20.Rc1 Rxc1 21.Qxc1 Rc8 22.Qxc8  1-0

[Event "JUG-ch sf"]
[Site "Kladovo"]
[Date "1994.??.??"]
[Round "?"]
[White "Scekic, Milos"]
[Black "Karaklajic, Nikola"]
[Result "1/2-1/2"]
[WhiteElo "2265"]
[BlackElo "2380"]

1.d4 d5 2.c4 e6 3.Nc3 c6 4.Nf3 Nf6 5.e3 Nbd7 6.Qc2 Bd6 7.b3 O-O 8.Be2 Qe7
9.O-O b6 10.e4 Nxe4 11.Nxe4 dxe4 12.Qxe4 Bb7 13.Bb2 Rfe8 14.Rac1 Rad8 15.Rfd1 Ba8
16.Bd3 f5 17.Qe3 c5 18.d5 exd5 19.cxd5 Qxe3 20.fxe3 g6 21.Kf2 Ne5 22.Bxe5 Bxe5
23.Bb5 Re7 24.Bc6 Bd6 25.Bxa8 Rxa8 26.g3 Rae8 27.Rd3 Kg7 28.Ng5 Kf6 29.Ne6 Rd7
30.Rcd1 g5 31.h3 h6 32.Kf3 Rc8 33.e4 Rf7 34.exf5 Kxf5 35.g4+ Ke5+ 36.Kg3 Kf6+
37.Kf3 Ke7+ 38.Ke4 Rg8 39.Rf3 Rxf3 40.Kxf3 Be5 41.Ke4 Bg3 42.Rd3 Bh2 43.Kf5 Kd6
44.Ke4 Be5 45.Rd2 Rc8 46.Rc2 Bh8 47.b4 c4 48.Nd4 Bxd4 49.Kxd4 b5 50.Rf2 c3
51.Kd3 Kxd5 52.Rf5+ Ke6 53.Kc2 a6 54.a3 Rc6 55.h4 gxh4 56.Rh5 Kf7 57.Rxh4 Kg6
58.Rh5 Rc4 59.Rc5 Rxg4 60.Rc6+ Kg7 61.Rxa6 h5 62.Ra7+ Kf6  1/2-1/2

[Event "JUG-ch sf"]
[Site "Kladovo"]
[Date "1994.??.??"]
[Round "?"]
[White "Nestorovic, Dejan"]
[Black "Scekic, Milos"]
[Result "1/2-1/2"]
[WhiteElo "2365"]
[BlackElo "2265"]

1.d4 d5 2.Nf3 c6 3.c4 Nf6 4.e3 e6 5.Nc3 Nbd7 6.Qc2 Bd6 7.e4 Nxe4 8.Nxe4 dxe4
9.Qxe4 Nf6 10.Qh4 h6 11.c5 Bc7 12.Bf4 Ba5+ 13.Kd1 Bc7 14.Bxc7 Qxc7 15.Qg3 Qxg3
16.hxg3 b6 17.Rc1 bxc5 18.Rxc5 Bb7 19.Bd3 Ke7 20.Ke2 Nd7 21.Rc3 Rhc8 22.Rhc1 f6
23.Be4 Kd6 24.Nd2 Nb6 25.Ra3 a5 26.Rb3 Ba6+ 27.Bd3 Nd5 28.Ne4+ Ke7 29.Nc5 Bxd3+
30.Nxd3 Kd6 31.Rc5 Ra7 32.Rc4 Raa8 33.Ra4 e5 34.dxe5+ fxe5 35.Rba3 Rcb8 36.f3 Rb5
37.Kd2 Nb6 38.Rg4 g5 39.Rc3 a4 40.Rc1 c5  1/2-1/2

[Event "JUG-ch sf"]
[Site "Kladovo"]
[Date "1994.??.??"]
[Round "?"]
[White "Arsovic, Goran"]
[Black "Lazic, Miroljub"]
[Result "1/2-1/2"]
[WhiteElo "2375"]
[BlackElo "2505"]

1.d4 d5 2.c4 c6 3.e3 Nf6 4.Nc3 e6 5.Nf3 Nbd7 6.Bd3 Be7 7.O-O O-O 8.b3 b6
9.Bb2 Bb7 10.Qe2 Qc7 11.Rac1 Rac8 12.Rfd1 Qb8 13.e4 dxe4 14.Nxe4 c5 15.dxc5 bxc5
16.Nxf6+ Nxf6 17.Ng5 g6 18.Ne4 Nh5 19.Qe3 Qf4 20.Qe1 Qc7 21.Qe3 f6 22.Ng3 Nf4
23.Be4 e5 24.Ne2 Nxe2+  1/2-1/2

[Event "Kopavogur"]
[Site "Kopavogur"]
[Date "1994.??.??"]
[Round "?"]
[White "Wells, Peter K"]
[Black "Thorhallsson, Throstur"]
[Result "1/2-1/2"]
[WhiteElo "2490"]
[BlackElo "2470"]

1.d4 d5 2.c4 c6 3.Nc3 Nf6 4.e3 e6 5.Nf3 Nbd7 6.Bd3 dxc4 7.Bxc4 b5 8.Be2 Bb7
9.O-O Be7 10.e4 b4 11.e5 bxc3 12.exf6 Nxf6 13.bxc3 O-O 14.Rb1 Qc8 15.Qb3 Ba6
16.Bxa6 Qxa6 17.Ne5 Bd6 18.Qc4 Qa5 19.Re1  1/2-1/2

[Event "Kstovo op"]
[Site "Kstovo"]
[Date "1994.??.??"]
[Round "1"]
[White "Romanov, Oleg"]
[Black "Ivanov, Sergey"]
[Result "0-1"]
[WhiteElo "2270"]
[BlackElo "2490"]

1.d4 d5 2.c4 e6 3.Nc3 c6 4.e3 Nf6 5.Nf3 Nbd7 6.Bd3 dxc4 7.Bxc4 b5 8.Bd3 a6
9.e4 c5 10.e5 cxd4 11.Nxb5 axb5 12.exf6 gxf6 13.Nxd4 Qb6 14.Be3 Bb4+ 15.Kf1 Bc5
16.Be4 Ra4 17.Rc1 Ba6 18.Rxc5 Qxc5 19.Bb1 Qd6 20.b3 b4+ 21.Kg1 Ra5 22.Qf3 Rd5
23.g3 Ke7 24.Qe4 Nc5 25.Qh4 Rd8 26.Nf3 Rd1+ 27.Kg2 Rxh1 28.Qxb4 Nb7  0-1

[Event "Kstovo op"]
[Site "Kstovo"]
[Date "1994.??.??"]
[Round "1"]
[White "Aleksandrov, Aleksej"]
[Black "Abrosimov, Alexandre"]
[Result "1-0"]
[WhiteElo "2525"]
[BlackElo "2325"]

1.d4 d5 2.c4 e6 3.Nc3 c6 4.e3 Nf6 5.Nf3 Nbd7 6.Bd3 dxc4 7.Bxc4 b5 8.Be2 Be7
9.O-O O-O 10.a3 b4 11.axb4 Bxb4 12.Qc2 c5 13.Na2 Bb7 14.Nxb4 cxb4 15.Nd2 e5
16.Nc4 Qe7 17.Ra5 Rfc8 18.b3 exd4 19.exd4 Nd5 20.Bf3 N7b6 21.Bd2 Nxc4 22.bxc4 Nb6
23.Re5 Qd7 24.Bxb7 Qxb7 25.Rfe1 a5 26.d5 Qd7 27.Re7 Rxc4 28.Qd3 Qd8 29.d6  1-0

[Event "Kstovo op"]
[Site "Kstovo"]
[Date "1994.??.??"]
[Round "3"]
[White "Kornev, Alexei"]
[Black "Paronjan, Aleksandar"]
[Result "1/2-1/2"]
[WhiteElo "2330"]
[BlackElo "2355"]

1.d4 d5 2.c4 c6 3.e3 Nf6 4.Nc3 e6 5.Nf3 Nbd7 6.Qc2 Bd6 7.g4 Nxg4 8.Rg1 f5
9.h3 Ngf6 10.Rxg7 Ne4 11.Bd2 Kf8 12.Rg2 Rg8 13.Rxg8+ Kxg8 14.Be2 Ndf6 15.Nxe4 Nxe4
16.O-O-O Bd7 17.Rg1+ Kh8 18.Be1 Be8 19.Ne5 Qh4 20.Qb3 b6 21.f3 Qxh3 22.Bf1 Qh2
23.Rg2 Qh1 24.Qd3 Bxe5 25.dxe5 Bh5 26.Qe2 Rg8 27.cxd5 cxd5 28.Rh2 Qxf3 29.Rxh5 Qxe2
30.Bxe2 Rg1 31.Kd1 Nf2+ 32.Kd2 Ne4+  1/2-1/2

[Event "Kstovo op"]
[Site "Kstovo"]
[Date "1994.??.??"]
[Round "3"]
[White "Lugovoi, Aleksei"]
[Black "Filipenko, Alexander V"]
[Result "0-1"]
[WhiteElo "2465"]
[BlackElo "2415"]

1.d4 d5 2.c4 c6 3.Nc3 Nf6 4.e3 e6 5.Nf3 Nbd7 6.Bd3 dxc4 7.Bxc4 b5 8.Bd3 Bb7
9.a3 b4 10.Ne4 c5 11.Nxf6+ gxf6 12.O-O Qb6 13.Qe2 Rg8 14.axb4 cxd4 15.exd4 Bd6
16.Be4 Ke7 17.Rd1 Bxe4 18.Qxe4 Qxb4 19.Nh4 Nc5 20.Qe2 Nb3 21.Nf5+ Kd7 22.Nxd6 Nxa1
23.Ne4 Rg6 24.Bd2 Qxb2 25.Qa6 Qb6 26.Qa4+ Qc6 27.Nc5+ Kc7 28.Ba5+ Kd6 29.Qxc6+ Kxc6
30.Rxa1 Kd5 31.Rd1 Rb8 32.Nd3 Rgg8 33.Bb4 Rb5 34.Be7 Rgb8 35.Nf4+ Ke4 36.Ne2 Kf5
37.Ng3+ Kg6 38.h4 Rb1 39.h5+ Kg5 40.Rxb1 Rxb1+ 41.Kh2 Rb7 42.Ne4+ Kxh5 43.Bxf6 Kg6
44.Be5 a5 45.f4 Rb4 46.Nf6 a4 47.d5 exd5 48.Nxd5 Rb7 49.g4 a3 50.Bf6 h6 51.f5+ Kh7
52.Bd4 a2 53.Nf6+ Kg7 54.Nd7+ Kg8 55.Nf6+ Kf8 56.Nh7+ Kg8 57.Nf6+ Kf8 58.Nh7+ Ke7
59.Nf6 Kd6 60.Kg3 Rb4 61.Ba1 Rb1 62.Bd4 Rb4 63.Ba1 Kc5 64.Kf3 Rb1 65.Be5 Kc4
66.Nd7 Rb7 67.Nf6 Rb3+ 68.Kf2 Rc3  0-1